00331 2200145 4500001002100000005001500021035002000036245004700056100002100103300000800124260001900132082000800151084001400159990001200173INLIS00000000000208120250527095435 a0010-05250003731 aKontakte Deustch Extra /cEva Maria Marbun0 aEva Maria Marbun a188 bKatalis,c2008 a430 a430 EVA k a0713311